[Event "Asian-ch Seniors 65"]
[Site "Chess.com INT"]
[Date "2020.07.20"]
[Round "4.3"]
[White "Hamid, Rani"]
[Black "Elbaba, Ezat"]
[Result "1/2-1/2"]
[WhiteElo "2006"]
[BlackElo "2115"]
[PlyCount "119"]
[EventDate "2020.07.20"]
[EventType "swiss"]
[EventRounds "9"]
[EventCountry "UAE"]
[SourceTitle "EXT 2024"]
[Source "ChessBase"]
[SourceDate "2023.10.10"]
[SourceVersion "1"]
[SourceVersionDate "2023.10.10"]
[SourceQuality "1"]

1. e4 Nf6 2. e5 Nd5 3. d4 d6 4. c4 Nb6 5. f4 dxe5 6. fxe5 Bf5 7. Be3 e6 8. Nc3 Nc6 9. Nf3 Be7 10. Be2 0-0 11. 0-0 f6 12. Rc1 fxe5 13. dxe5 Qxd1 14. Rfxd1 Rad8 15. Nb5 Rxd1+ 16. Rxd1 Rc8 17. Bxb6 axb6 18. Rd7 Bd8 19. b3 Bg4 20. Kf1 Bh5 21. h3 Be8 22. Rd2 h6 23. Nbd4 Nxd4 24. Rxd4 Kf7 25. Rf4+ Kg8 26. Bd3 Be7 27. Ke2 Rd8 28. Rd4 Rxd4 29. Nxd4 Kf7 30. Nb5 Bxb5 31. cxb5 c6 32. bxc6 bxc6 33. Kf3 Bb4 34. Ke4 Bc3 35. Be2 g6 36. Ba6 c5 37. Bb5 Bb2 38. Bc6 Bc3 39. Bb5 Bb2 40. a4 Bc3 41. Be2 Bb2 42. g4 Bc3 43. h4 g5 44. h5 Ke7 45. Bb5 Bb2 46. Ba6 Bc3 47. Bc8 Bb2 48. Bb7 Bc3 49. Bc6 Bb2 50. Bb5 Bc3 51. Bd3 Bb2 52. Bc4 Bc3 53. Bb5 Bb2 54. Bc6 Bc3 55. Ba8 Bb2 56. Bb7 Bc3 57. Ba6 Bb2 58. Bb5 Bc3 59. Ba6 Bb2 60. Bb5 1/2-1/2

[Event "Olympiad-40"]
[Site "Istanbul"]
[Date "2012.09.05"]
[Round "8.1"]
[White "Elbaba, Ezat"]
[Black "Obodchuk, Andrei"]
[Result "1/2-1/2"]
[WhiteElo "2172"]
[BlackElo "2399"]
[PlyCount "83"]
[EventDate "2012.08.28"]
[EventType "team-swiss"]
[EventRounds "11"]
[EventCountry "TUR"]
[SourceTitle "CBM 151"]
[Source "ChessBase"]
[SourceDate "2012.11.13"]
[SourceVersion "1"]
[SourceVersionDate "2012.11.13"]
[SourceQuality "1"]
[WhiteTeam "Syria"]
[BlackTeam "IPCA"]
[WhiteTeamCountry "SYR"]

1. c4 e5 2. Nc3 Nf6 3. g3 c6 4. Nf3 e4 5. Nd4 Qb6 6. e3 d5 7. d3 exd3 8. cxd5 cxd5 9. Qxd3 Nc6 10. Bg2 Nb4 11. Qd2 Qa6 12. Ndb5 Qb6 13. a3 Bd7 14. Nd4 Nc6 15. 0-0 Be6 16. Rd1 Be7 17. b4 0-0 18. Na4 Qd8 19. Nxc6 bxc6 20. Bb2 Bg4 21. f3 Bd7 22. Bd4 Ne8 23. Bf1 Nc7 24. Bc5 Ne6 25. Bxe7 Qxe7 26. Rac1 Rfe8 27. Kf2 h5 28. Nc5 h4 29. Nxd7 Qxd7 30. e4 d4 31. Bh3 Red8 32. Rc4 a5 33. bxa5 Qd6 34. Qb4 c5 35. Qb6 hxg3+ 36. hxg3 Rab8 37. Qxd6 Rb2+ 38. Kg1 Rxd6 39. Bxe6 fxe6 40. Rxc5 Rb3 41. e5 Rd7 42. Kf2 1/2-1/2

[Event "Asia Cities-ch 16th"]
[Site "Beirut"]
[Date "2009.04.18"]
[Round "3.3"]
[White "Elbaba, Ezat"]
[Black "Mohd, A Altaher"]
[Result "1-0"]
[WhiteElo "2171"]
[BlackElo "2159"]
[PlyCount "155"]
[EventDate "2009.04.16"]
[EventType "team-swiss"]
[EventRounds "9"]
[EventCountry "LBN"]
[SourceTitle "EXT 2020"]
[Source "ChessBase"]
[SourceDate "2019.10.17"]
[SourceVersion "1"]
[SourceVersionDate "2019.10.17"]
[SourceQuality "1"]
[WhiteTeam "Damascus"]
[BlackTeam "Sharjah"]
[WhiteTeamCountry "SYR"]
[BlackTeamCountry "UAE"]

1. Nf3 d5 2. g3 Nf6 3. Bg2 Bf5 4. d3 c6 5. Nbd2 h6 6. 0-0 e6 7. Qe1 Be7 8. e4 Bh7 9. Qe2 0-0 10. Re1 a5 11. e5 Nfd7 12. Nf1 b5 13. a4 b4 14. h4 c5 15. N1h2 Nc6 16. Bf4 Nd4 17. Nxd4 cxd4 18. b3 Rc8 19. Ra2 Rc6 20. Bh3 Kh8 21. Bc1 Qb6 22. f4 Rfc8 23. Rf1 Qc7 24. Rf2 Rc3 25. f5 Qxe5 26. Qxe5 Nxe5 27. Bf4 f6 28. fxe6 Bg8 29. Re2 Bd6 30. Kf2 Re8 31. Nf3 Bxe6 32. Bxe6 Rxe6 33. Kg2 Re8 34. Nxd4 Rcc8 35. Ra1 Bc5 36. Nb5 Ng6 37. Rae1 Nxf4+ 38. gxf4 Rxe2+ 39. Rxe2 Kg8 40. d4 Bf8 41. Kf3 Kf7 42. f5 g6 43. fxg6+ Kxg6 44. Kf4 h5 45. Rg2+ Kf7 46. Kf5 Be7 47. Re2 Rg8 48. Nc7 Rd8 49. Ne6 Rc8 50. Nf4 Rc3 51. Nxd5 Rf3+ 52. Ke4 Rh3 53. Nxe7 Kxe7 54. Kf5+ Kf7 55. d5 Rxh4 56. d6 Rd4 57. Re7+ Kf8 58. Ke6 Rd2 59. Rh7 Re2+ 60. Kxf6 Ke8 61. Rxh5 Rxc2 62. Ke6 Re2+ 63. Re5 Rh2 64. Kd5+ Kd7 65. Re7+ Kd8 66. Kc6 Rc2+ 67. Kb6 Rc3 68. Kxa5 Rxb3 69. Kb6 Rd3 70. Kc5 b3 71. Rb7 Kc8 72. Rb6 Kd7 73. a5 Rh3 74. Rb7+ Kc8 75. a6 Rc3+ 76. Kd4 Rc6 77. d7+ Kd8 78. a7 1-0

[Event "Asia Cities-ch 15th"]
[Site "Tehran"]
[Date "2007.03.06"]
[Round "7.1"]
[White "Ismagambetov, Anuar"]
[Black "Elbaba, Ezat"]
[Result "1-0"]
[WhiteElo "2451"]
[BlackElo "2157"]
[PlyCount "77"]
[EventDate "2007.03.02"]
[EventType "team-swiss"]
[EventRounds "9"]
[EventCountry "IRI"]
[SourceTitle "EXT 2020"]
[Source "ChessBase"]
[SourceDate "2019.10.17"]
[SourceVersion "1"]
[SourceVersionDate "2019.10.17"]
[SourceQuality "1"]
[WhiteTeam "Pavlodar"]
[BlackTeam "Damascus"]
[WhiteTeamCountry "KAZ"]
[BlackTeamCountry "SYR"]

1. e4 e5 2. Nf3 Nc6 3. Bb5 a6 4. Ba4 d6 5. c3 Bd7 6. 0-0 g6 7. d4 Bg7 8. Bg5 f6 9. Bh4 Qe7 10. Re1 Nh6 11. Nbd2 Nf7 12. Nf1 Bh6 13. h3 0-0 14. N1h2 Bf4 15. Bb3 Kh8 16. dxe5 dxe5 17. Bxf6+ Qxf6 18. Qxd7 Rad8 19. Ng4 Qe7 20. Qxe7 Nxe7 21. Bxf7 Rxf7 22. Ngxe5 Bxe5 23. Nxe5 Rf6 24. Rad1 Rdd6 25. Nc4 Rxd1 26. Rxd1 b5 27. Ne3 Rd6 28. Rxd6 cxd6 29. c4 Kg7 30. Kf1 Kf7 31. cxb5 axb5 32. Nd5 Nxd5 33. exd5 g5 34. Ke2 Kf6 35. Kd3 Ke5 36. b3 Kxd5 37. a4 Kc5 38. g3 h5 39. f4 1-0

[Event "Olympiad-37"]
[Site "Turin"]
[Date "2006.06.04"]
[Round "13"]
[White "Corbin, Philip"]
[Black "Elbaba, Ezat"]
[Result "1/2-1/2"]
[WhiteElo "2212"]
[BlackElo "2166"]
[PlyCount "77"]
[EventDate "2006.05.21"]
[EventType "team-swiss"]
[EventRounds "13"]
[EventCountry "ITA"]
[SourceTitle "CBM 113"]
[Source "ChessBase"]
[SourceDate "2006.07.31"]
[SourceVersion "1"]
[SourceVersionDate "2006.07.31"]
[SourceQuality "1"]
[WhiteTeam "Barbados"]
[BlackTeam "Syria"]
[WhiteTeamCountry "BAR"]
[BlackTeamCountry "SYR"]

1. e4 c5 2. d4 cxd4 3. c3 Nf6 4. e5 Nd5 5. Bc4 Nb6 6. Bb3 Nc6 7. Nf3 d5 8. h3 dxc3 9. Nxc3 e6 10. 0-0 Be7 11. Bc2 Nd7 12. Bf4 a6 13. a3 b5 14. Rc1 Bb7 15. Re1 b4 16. axb4 Nxb4 17. Bb1 0-0 18. Nd4 Re8 19. Qh5 Nf8 20. Re3 Rc8 21. Rg3 g6 22. Qh6 Rc4 23. Nce2 Qb6 24. h4 Rxd4 25. Nxd4 Qxd4 26. h5 Rc8 27. hxg6 Rxc1+ 28. Bxc1 fxg6 29. Bxg6 Qd1+ 30. Kh2 hxg6 31. Rxg6+ Kf7 32. Rg7+ Ke8 33. Bg5 Nc6 34. f3 Qd4 35. f4 Qb4 36. Qh5+ Kd8 37. Qf7 Bxg5 38. Qc7+ Ke8 39. Qf7+ 1/2-1/2

[Event "Arab-chT Clubs"]
[Site "Amman"]
[Date "2006.05.??"]
[Round "8"]
[White "Elbaba, Ezat"]
[Black "Mohannad, Farhan"]
[Result "1/2-1/2"]
[WhiteElo "2166"]
[BlackElo "2160"]
[PlyCount "51"]
[EventDate "2006.05.??"]
[EventType "team-tourn"]
[EventRounds "8"]
[EventCountry "JOR"]
[SourceTitle "CBM 112 Extra"]
[Source "ChessBase"]
[SourceDate "2006.07.14"]
[SourceVersion "1"]
[SourceVersionDate "2006.07.14"]
[SourceQuality "1"]

1. c4 g6 2. Nc3 Bg7 3. g3 d6 4. Bg2 e5 5. e3 Nc6 6. Nge2 h5 7. h4 Bg4 8. Qa4 Nge7 9. b4 a6 10. Bb2 0-0 11. d3 b5 12. Qb3 bxc4 13. dxc4 Rb8 14. a3 Be6 15. Nd5 f5 16. Rc1 e4 17. Bxg7 Kxg7 18. Nef4 Bf7 19. 0-0 Ne5 20. Qa4 c6 21. Nxe7 Qxe7 22. Qxa6 Ra8 23. Qb6 Bxc4 24. Rfd1 Ra6 25. Ra1 Rfa8 26. Qd4 1/2-1/2

[Event "Arab-chT Clubs"]
[Site "Amman"]
[Date "2006.05.??"]
[Round "2"]
[White "Salem, AR Saleh"]
[Black "Elbaba, Ezat"]
[Result "1-0"]
[WhiteElo "2124"]
[BlackElo "2166"]
[PlyCount "55"]
[EventDate "2006.05.??"]
[EventType "team-tourn"]
[EventRounds "8"]
[EventCountry "JOR"]
[SourceTitle "CBM 112 Extra"]
[Source "ChessBase"]
[SourceDate "2006.07.14"]
[SourceVersion "1"]
[SourceVersionDate "2006.07.14"]
[SourceQuality "1"]

1. d4 Nf6 2. c4 g6 3. f3 c5 4. d5 Bg7 5. Nc3 d6 6. e4 0-0 7. Bd3 e6 8. Nge2 a6 9. a4 a5 10. Ng3 Na6 11. Be3 Nb4 12. 0-0 exd5 13. cxd5 Re8 14. Qd2 b6 15. Rae1 Ba6 16. h3 Nd7 17. Nb5 Bxb5 18. Bxb5 Ra7 19. f4 Rf8 20. f5 Be5 21. Rf3 Qe7 22. f6 Bxf6 23. Bh6 Bg7 24. Nf5 Bd4+ 25. Qxd4 cxd4 26. Nxe7+ Kh8 27. Bxd7 Rxd7 28. Bxf8 1-0

[Event "Olympiad-34"]
[Site "Istanbul"]
[Date "2000.11.06"]
[Round "9.3"]
[White "Wagener, Claude"]
[Black "Elbaba, Ezat"]
[Result "1-0"]
[WhiteElo "2210"]
[BlackElo "2111"]
[PlyCount "99"]
[EventDate "2000.10.28"]
[EventType "team-swiss"]
[EventRounds "14"]
[EventCountry "TUR"]
[SourceTitle "EXT 2001"]
[Source "ChessBase"]
[SourceDate "2000.11.22"]
[SourceVersion "1"]
[SourceVersionDate "2000.11.22"]
[SourceQuality "1"]
[WhiteTeam "Luxembourg"]
[BlackTeam "Syria"]
[WhiteTeamCountry "LUX"]
[BlackTeamCountry "SYR"]

1. e4 c5 2. Nf3 e6 3. Nc3 Nc6 4. d4 cxd4 5. Nxd4 Qc7 6. Be3 a6 7. Bd3 Nf6 8. 0-0 Be7 9. Kh1 d6 10. Qe2 0-0 11. f4 Bd7 12. Nb3 Nb4 13. Rae1 b5 14. Bd2 Nxd3 15. cxd3 e5 16. fxe5 dxe5 17. Rxf6 Bxf6 18. Nd5 Qc2 19. Nxf6+ gxf6 20. Qf2 Qc6 21. Bh6 Kh8 22. Bxf8 Rxf8 23. Nc5 Bc8 24. Rf1 f5 25. exf5 Rg8 26. Ne4 Rg4 27. Qd2 Bb7 28. h3 Rg8 29. Rc1 Qb6 30. Qc3 f6 31. Qc5 Qd8 32. Qe3 Qe7 33. Qb6 Bxe4 34. dxe4 Qg7 35. Rc2 Qg5 36. Qxa6 Rd8 37. Rc8 Rxc8 38. Qxc8+ Kg7 39. Qc7+ Kg8 40. Qc2 h5 41. Qe2 b4 42. Qe1 Kf7 43. a3 bxa3 44. bxa3 Ke8 45. a4 Kd7 46. a5 Qf4 47. a6 Kc6 48. Qb1 Qf2 49. Qa1 Qa7 50. Qa4+ 1-0

[Event "Olympiad-34"]
[Site "Istanbul"]
[Date "2000.10.30"]
[Round "3.4"]
[White "Elbaba, Ezat"]
[Black "Abarca Aguirre, Manuel"]
[Result "0-1"]
[WhiteElo "2111"]
[BlackElo "2340"]
[PlyCount "112"]
[EventDate "2000.10.28"]
[EventType "team-swiss"]
[EventRounds "14"]
[EventCountry "TUR"]
[SourceTitle "EXT 2001"]
[Source "ChessBase"]
[SourceDate "2000.11.22"]
[SourceVersion "1"]
[SourceVersionDate "2000.11.22"]
[SourceQuality "1"]
[WhiteTeam "Syria"]
[BlackTeam "Chile"]
[WhiteTeamCountry "SYR"]
[BlackTeamCountry "CHI"]

1. c4 e6 2. Nf3 Nf6 3. g3 b6 4. Bg2 Bb7 5. 0-0 c5 6. d4 cxd4 7. Qxd4 Nc6 8. Qf4 Be7 9. Nc3 0-0 10. Rd1 Qc8 11. e4 d6 12. b3 Nb4 13. Bb2 Na6 14. e5 dxe5 15. Nxe5 Bxg2 16. Kxg2 Qb7+ 17. Qf3 Qxf3+ 18. Kxf3 Rfc8 19. Nb5 Nc5 20. Rd4 Ne8 21. Ke2 a6 22. Nc3 f6 23. Nd7 Nxd7 24. Rxd7 Rc7 25. Rad1 Raa7 26. Rxc7 Rxc7 27. f4 Kf7 28. g4 Bb4 29. Ne4 Be7 30. f5 exf5 31. gxf5 b5 32. Rd4 bxc4 33. bxc4 g6 34. Kd3 gxf5 35. Nc3 Bd6 36. Rh4 Kg6 37. Nd5 Rb7 38. Bc1 h5 39. c5 Bxc5 40. Nf4+ Kf7 41. Rxh5 Ng7 42. Rh8 Bd6 43. Ne2 Rd7 44. Kc2 Rc7+ 45. Kd3 Ne6 46. Rh7+ Kg6 47. Rh6+ Kg7 48. Rh4 Be5 49. Bh6+ Kg6 50. Be3 Rh7 51. Rxh7 Kxh7 52. Bg1 Kg6 53. Kc4 f4 54. Kd5 f3 55. Nc1 Nf4+ 56. Ke4 Nh3 0-1